| 000 | 00568nam a22002177a 4500 | ||
|---|---|---|---|
| 003 | OSt | ||
| 005 | 20140310183018.0 | ||
| 008 | 130212t xxu||||| |||| 00| 0 eng d | ||
| 020 | _a9789380540252 | ||
| 050 |
_aG 155.A1 _b.Si617 2010 |
||
| 100 | _aSingh, Mahesh Chandra. | ||
| 245 |
_aShopping and retailing tourism / _cMahesh Chandra Singh. |
||
| 260 |
_aNew Delhi : _bCentrum Press, _c2010. |
||
| 300 |
_a336 p. : _c21.6 cm. |
||
| 521 | _aTOU | ||
| 650 | _aTourism | ||
| 650 | _aRetail trade | ||
| 942 |
_2lcc _cBK _kFOR |
||
| 999 |
_c18340 _d18340 |
||